Weed management handbook / (Record no. 13541)
[ view plain ]
| 000 -LEADER | |
|---|---|
| fixed length control field | 01542cam a2200397 a 4500 |
| 001 - CONTROL NUMBER | |
| control field | 13541 |
| 003 - CONTROL NUMBER IDENTIFIER | |
| rucl marc code | BD-RjUL |
| 005 - DATE AND TIME OF LATEST TRANSACTION | |
| control field | 20211208235454.0 |
| 008 - FIXED-LENGTH DATA ELEMENTS--GENERAL INFORMATION | |
| fixed length control field | 140201s2002 enka bf 001 0 eng d |
| 020 ## - INTERNATIONAL STANDARD BOOK NUMBER | |
| International Standard Book Number | 0632057327 |
| International Standard Book Number | 9780632057320 |
| 035 ## - SYSTEM CONTROL NUMBER | |
| System control number | (OCoLC)ocm51526582 |
| -- | (BD-RjUL)13593 |
| 040 ## - CATALOGING SOURCE | |
| Original cataloging agency | AGL |
| Transcribing agency | AGL |
| Modifying agency | DLC |
| -- | BD-RjUL |
| Language of cataloging | eng |
| 041 ## - LANGUAGE CODE | |
| Language code of text/sound track or separate title | eng |
| 070 0# - NATIONAL AGRICULTURAL LIBRARY CALL NUMBER | |
| Classification number | SB613.G7 |
| Item number | W38 2002 |
| 072 #0 - SUBJECT CATEGORY CODE | |
| Subject category code | F900 |
| 082 00 - DEWEY DECIMAL CLASSIFICATION NUMBER | |
| Classification number | 632.5 |
| Edition number | 22 |
| Author mark and year | WEE 2002 |
| 245 00 - TITLE STATEMENT | |
| Title | Weed management handbook / |
| Statement of responsibility, etc. | edited by Robert E. L. Naylor. |
| 246 1# - VARYING FORM OF TITLE | |
| Title proper/short title | Weed control handbook |
| 250 ## - EDITION STATEMENT | |
| Edition statement | 9th ed. |
| 260 ## - PUBLICATION, DISTRIBUTION, ETC. (IMPRINT) | |
| Place of publication, distribution, etc. | Oxford ; |
| -- | Malden, MA : |
| Name of publisher, distributor, etc. | Published for the British Crop Protection Council by Blackwell Science, |
| Date of publication, distribution, etc. | 2002. |
| 300 ## - PHYSICAL DESCRIPTION | |
| Pagination | vii, 423 p. : |
| Illustrations | ill. ; |
| Size | 24 cm. |
| 500 ## - GENERAL NOTE | |
| General note | Rev. ed. of: Weed control handbook. 8th ed. 1990. |
| 504 ## - BIBLIOGRAPHY, ETC. NOTE | |
| Bibliography, etc | Includes bibliographical references and index. |
| 650 #0 - SUBJECT ADDED ENTRY--TOPICAL TERM | |
| Topical term or geographic name as entry element | Weeds |
| General subdivision | Integrated control |
| Form subdivision | Handbooks, manuals, etc. |
| 9 (RLIN) | 42299 |
| Topical term or geographic name as entry element | Weeds |
| General subdivision | Integrated control |
| Geographic subdivision | Great Britain |
| Form subdivision | Handbooks, manuals, etc. |
| 9 (RLIN) | 42300 |
| Topical term or geographic name as entry element | Herbicides |
| Form subdivision | Handbooks, manuals, etc. |
| 9 (RLIN) | 42301 |
| Topical term or geographic name as entry element | Herbicides |
| Geographic subdivision | Great Britain |
| Form subdivision | Handbooks, manuals, etc. |
| 9 (RLIN) | 42302 |
| 700 1# - ADDED ENTRY--PERSONAL NAME | |
| Personal name | Naylor, Robert E. L., ed. |
| 710 2# - ADDED ENTRY--CORPORATE NAME | |
| Corporate name or jurisdiction name as entry element | British Crop Protection Council. |
| 9 (RLIN) | 42304 |
| 856 41 - ELECTRONIC LOCATION AND ACCESS | |
| Materials specified | Table of contents |
| Uniform Resource Identifier | <a href="http://www.loc.gov/catdir/toc/fy038/2003272088.html">http://www.loc.gov/catdir/toc/fy038/2003272088.html</a> |
| Materials specified | Book review (E-STREAMS) |
| Uniform Resource Identifier | <a href="http://www.e-streams.com/es0607/es0607_2556.html">http://www.e-streams.com/es0607/es0607_2556.html</a> |
| 942 ## - ADDED ENTRY ELEMENTS (KOHA) | |
| Source of classification or shelving scheme | Dewey Decimal Classification |
| Koha item type | Books |
| Lost status | Source of classification or shelving scheme | Damaged status | Not for loan | Collection code | Permanent Location | Current Location | Shelving location | Date acquired | Source of acquisition | Cost, normal purchase price | Total Checkouts | Full call number | Date last seen | Date checked out | Copy number | Koha item type |
|---|---|---|---|---|---|---|---|---|---|---|---|---|---|---|---|---|
| Dewey Decimal Classification | Non-fiction | Central Library, University of Rajshahi | Central Library, University of Rajshahi | 07/07/2013 | paragon Enterprises Dhaka | 14930.00 | 1 | 632.5 WEE 2002 | 07/03/2016 | 25/02/2016 | C-2 | Books | ||||
| Dewey Decimal Classification | Not For Loan | Non-fiction | Central Library, University of Rajshahi | Central Library, University of Rajshahi | Reading Room | 23/08/2008 | Dhaka, Mullick & Brothers | 16900.00 | 632.5 WEE 2002 | 20/03/2017 | C-1 | Books |